00997 a2200157 4500082001500000100002400015110009800039245011200137260004100249300003000290505029900320650007200619700002300691999001300714952011200727 a394bES74m aEscobar, Ticio9827 aDepartamento de Documentacion e Investigaciones Centro de Artes Visuales/Museo del Barro9842 aLa Maldicion de NemurbAcerca del Arte, el Mito y el Ritual de los indigenas Ishir del gran Chaco Paraguayo aParaguaybEditorial Arte Nuevoc1999 a397 pbill (col)c26.5 cm tCapitulo I. El gran mitotCapitulo II. El arte plumariotCapitulo III. Las pinturas corporalestCapitulo IV. El ritotCapitulo V. Camino de ShamanestCapitulo VI. La historiatApendice I. Clasificacion de las piezas de arte plumariotApendice II. Pinturas Shamanicas: casostBibliografia citada amitologiaxindios-chaco paraguayo-religionxritos y ceremonias9843 aTicio Escobar9830 c175d175 00102ddc4070aLVbLVcPensamientod2014-05-26l0o394 ES74mp000148r2014-05-26 00:00:00w2014-05-26y01